[Event "POL-chT 2nd League"]
[Site "Jastrzebia Gora"]
[Date "2016.09.11"]
[Round "9.40"]
[White "Czajkowski, Adam"]
[Black "Cichon, Michal"]
[Result "1-0"]
[WhiteElo "2260"]
[BlackElo "2021"]
[PlyCount "117"]
[EventDate "2016.09.03"]
[EventType "team-swiss"]
[EventRounds "9"]
[EventCountry "POL"]
[SourceTitle "EXT 2017"]
[Source "ChessBase"]
[SourceDate "2016.10.25"]
[SourceVersion "1"]
[SourceVersionDate "2016.10.25"]
[SourceQuality "1"]
[WhiteTeam "Pultusk Nadnarwianka"]
[BlackTeam "Czerwionka Leszczyny Skoczek"]
[WhiteTeamCountry "POL"]
[BlackTeamCountry "POL"]

1. e4 e5 2. Nf3 Nc6 3. Bb5 d6 4. 0-0 Be7 5. Re1 Nf6 6. c3 Bg4 7. h3 Bh5 8. d3 0-0 9. Nbd2 a6 10. Ba4 h6 11. Nf1 Nh7 12. Ng3 Bg6 13. d4 Ng5 14. Bxg5 Bxg5 15. Bxc6 bxc6 16. dxe5 Bf4 17. exd6 Bxg3 18. fxg3 cxd6 19. Qd4 Re8 20. Rad1 Re6 21. e5 d5 22. Qc5 Qb8 23. b4 Bc2 24. Rd2 Ba4 25. Rde2 Bb5 26. Re3 a5 27. Nd4 Rg6 28. a3 axb4 29. cxb4 Ba4 30. Nf5 Re6 31. g4 Qa7 32. Qc3 Rae8 33. Nd4 Rg6 34. Kh1 Qd7 35. Qc5 Qd8 36. Qa7 Qa8 37. Qc5 Qd8 38. Rf1 Qg5 39. Ref3 Qxe5 40. Rxf7 Kh7 41. Ra7 Bb5 42. Nxb5 Qe2 43. Rc1 cxb5 44. Qxd5 Re5 45. Qf7 Qb2 46. Rf1 Re3 47. Ra8 Rf6 48. Rxf6 Qxf6 49. Qxf6 gxf6 50. Ra5 Kg6 51. Rxb5 Rxa3 52. Rb8 Rb3 53. b5 Kg5 54. b6 Kf4 55. Kh2 Rb2 56. b7 Rb6 57. h4 Rb5 58. g5 hxg5 59. hxg5 1-0

[Event "POL-chT 2nd League"]
[Site "Jastrzebia Gora"]
[Date "2016.09.10"]
[Round "8.28"]
[White "Cichon, Michal"]
[Black "Rams, Michal"]
[Result "0-1"]
[WhiteElo "2021"]
[BlackElo "2199"]
[PlyCount "98"]
[EventDate "2016.09.03"]
[EventType "team-swiss"]
[EventRounds "9"]
[EventCountry "POL"]
[SourceTitle "EXT 2017"]
[Source "ChessBase"]
[SourceDate "2016.10.25"]
[SourceVersion "1"]
[SourceVersionDate "2016.10.25"]
[SourceQuality "1"]
[WhiteTeam "Czerwionka Leszczyny Skoczek"]
[BlackTeam "Warszawa YMCA"]
[WhiteTeamCountry "POL"]
[BlackTeamCountry "POL"]

1. e4 g6 2. d4 Bg7 3. Nc3 d6 4. Nf3 a6 5. a4 b6 6. Bc4 e6 7. 0-0 Ne7 8. Be3 h6 9. Qd2 Nd7 10. Rad1 Bb7 11. Rfe1 Kf8 12. h3 Kg8 13. Nh2 Nf6 14. f3 d5 15. Bd3 c5 16. e5 Nd7 17. Qf2 Nc6 18. f4 cxd4 19. Bxd4 Nxd4 20. Qxd4 Bf8 21. b4 a5 22. Bb5 Bxb4 23. Ne4 dxe4 24. Qxd7 Qxd7 25. Rxd7 Bxe1 26. Rxb7 Bg3 27. Ng4 Bxf4 28. Rxb6 h5 29. Nf6+ Kg7 30. Rc6 Bxe5 31. Nxe4 Rhc8 32. Rxc8 Rxc8 33. c4 f5 34. Nd2 Bc3 35. Nb3 e5 36. Kf1 Kf6 37. Ke2 Bb4 38. Nc1 e4 39. Nb3 Ke5 40. Ba6 Rc7 41. Bb5 g5 42. Ke3 f4+ 43. Ke2 g4 44. hxg4 hxg4 45. Kf2 g3+ 46. Ke2 f3+ 47. gxf3 g2 48. f4+ Kxf4 49. Kf2 Rg7 0-1

[Event "POL-chT 2nd League"]
[Site "Jastrzebia Gora"]
[Date "2016.09.08"]
[Round "6.46"]
[White "Cichon, Michal"]
[Black "Walaszczyk, Witold"]
[Result "1/2-1/2"]
[WhiteElo "2021"]
[BlackElo "2088"]
[PlyCount "100"]
[EventDate "2016.09.03"]
[EventType "team-swiss"]
[EventRounds "9"]
[EventCountry "POL"]
[SourceTitle "EXT 2017"]
[Source "ChessBase"]
[SourceDate "2016.10.25"]
[SourceVersion "1"]
[SourceVersionDate "2016.10.25"]
[SourceQuality "1"]
[WhiteTeam "Czerwionka Leszczyny Skoczek"]
[BlackTeam "Konin Hetman"]
[WhiteTeamCountry "POL"]
[BlackTeamCountry "POL"]

1. e4 c5 2. Nf3 g6 3. d4 cxd4 4. Nxd4 Bg7 5. Nc3 Nc6 6. Be3 Nf6 7. Be2 0-0 8. 0-0 d6 9. Kh1 a6 10. a4 Ng4 11. Nxc6 Nxe3 12. Nxd8 Nxd1 13. Nxd1 Rxd8 14. c3 Be6 15. Ne3 Rac8 16. Nd5 Kf8 17. Rfd1 Rc6 18. Rab1 f5 19. f3 Bf7 20. c4 a5 21. b3 e6 22. Ne3 Rc5 23. Bd3 Be8 24. Nc2 Bc6 25. Na3 Ke7 26. Nb5 fxe4 27. fxe4 Re5 28. Re1 Rf8 29. Nd4 Bd7 30. Nf3 Rh5 31. Be2 Bc6 32. Bd3 Rf4 33. Re2 g5 34. Nd2 g4 35. Rf1 Be5 36. g3 Rxf1+ 37. Nxf1 d5 38. cxd5 exd5 39. Kg2 Kd8 40. Bc2 Kc7 41. Nd2 Bc3 42. exd5 Rxd5 43. Ne4 Bd4 44. Nf2 Rc5+ 45. Be4 Re5 46. Rc2 Bxf2 47. Bxc6 Bc5 48. Bb5 b6 49. Re2 Rd5 50. h3 gxh3+ 1/2-1/2

[Event "POL-chT 2nd League"]
[Site "Jastrzebia Gora"]
[Date "2016.09.07"]
[Round "5.64"]
[White "Klementowski, Dawid"]
[Black "Cichon, Michal"]
[Result "1/2-1/2"]
[WhiteElo "1928"]
[BlackElo "2021"]
[PlyCount "60"]
[EventDate "2016.09.03"]
[EventType "team-swiss"]
[EventRounds "9"]
[EventCountry "POL"]
[SourceTitle "EXT 2017"]
[Source "ChessBase"]
[SourceDate "2016.10.25"]
[SourceVersion "1"]
[SourceVersionDate "2016.10.25"]
[SourceQuality "1"]
[WhiteTeam "Rybnik MKSz"]
[BlackTeam "Czerwionka Leszczyny Skoczek"]
[WhiteTeamCountry "POL"]
[BlackTeamCountry "POL"]

1. c4 e5 2. g3 c5 3. Bg2 g6 4. Nc3 Bg7 5. e3 Ne7 6. Nge2 0-0 7. 0-0 Nbc6 8. Rb1 d6 9. a3 a5 10. d3 f5 11. f4 Kh8 12. Nd5 Nxd5 13. cxd5 Ne7 14. b4 axb4 15. axb4 b6 16. bxc5 bxc5 17. fxe5 Bxe5 18. Bb2 Bxb2 19. Rxb2 Ra3 20. Rb3 Qa5 21. Rxa3 Qxa3 22. Qa1+ Qxa1 23. Rxa1 Bb7 24. Ra7 Rb8 25. Nc3 Nc8 26. Ra5 Ra8 27. Rxa8 Bxa8 28. e4 Kg7 29. Kf2 Bb7 30. Ke3 fxe4 1/2-1/2

[Event "POL-chT 2nd League"]
[Site "Jastrzebia Gora"]
[Date "2016.09.06"]
[Round "4.52"]
[White "Cichon, Michal"]
[Black "Fudalej, Grzegorz"]
[Result "1/2-1/2"]
[WhiteElo "2021"]
[BlackElo "2137"]
[PlyCount "100"]
[EventDate "2016.09.03"]
[EventType "team-swiss"]
[EventRounds "9"]
[EventCountry "POL"]
[SourceTitle "EXT 2017"]
[Source "ChessBase"]
[SourceDate "2016.10.25"]
[SourceVersion "1"]
[SourceVersionDate "2016.10.25"]
[SourceQuality "1"]
[WhiteTeam "Czerwionka Leszczyny Skoczek"]
[BlackTeam "Wroclaw Polonia"]
[WhiteTeamCountry "POL"]
[BlackTeamCountry "POL"]

1. e4 c6 2. d4 d5 3. exd5 cxd5 4. Bd3 Nc6 5. c3 Qc7 6. h3 g6 7. Nf3 Bg7 8. 0-0 Nh6 9. Re1 Bf5 10. Bxh6 Bxh6 11. Bxf5 gxf5 12. Ne5 e6 13. Qh5 Bf4 14. Nxc6 bxc6 15. Rxe6+ Kf8 16. Re2 Qd7 17. Qh4 Qd6 18. Na3 h6 19. Rae1 Kg7 20. Qh5 Qg6 21. Qxg6+ Kxg6 22. Nc2 a5 23. b3 Rhb8 24. g3 Bd6 25. Kg2 Kf6 26. Kf3 h5 27. h4 Rg8 28. Ne3 Rad8 29. Ng2 Ra8 30. Nf4 Bxf4 31. Kxf4 Rg4+ 32. Kf3 Re4 33. Rxe4 fxe4+ 34. Kf4 Rg8 35. f3 exf3 36. Kxf3 Rc8 37. Re5 Kg6 38. Kf4 f6 39. Re6 c5 40. Ra6 c4 41. Rxa5 cxb3 42. axb3 Rxc3 43. Rxd5 Rxb3 44. g4 hxg4 45. Kxg4 Rb1 46. h5+ Kf7 47. Ra5 Rb4 48. Kf5 Rxd4 49. Ra7+ Kg8 50. Kg6 Rd8 1/2-1/2

[Event "POL-chT 2nd League"]
[Site "Jastrzebia Gora"]
[Date "2016.09.03"]
[Round "1.94"]
[White "Zurawski, Kamil"]
[Black "Cichon, Michal"]
[Result "0-1"]
[WhiteElo "1648"]
[BlackElo "2021"]
[PlyCount "56"]
[EventDate "2016.09.03"]
[EventType "team-swiss"]
[EventRounds "9"]
[EventCountry "POL"]
[SourceTitle "EXT 2017"]
[Source "ChessBase"]
[SourceDate "2016.10.25"]
[SourceVersion "1"]
[SourceVersionDate "2016.10.25"]
[SourceQuality "1"]
[WhiteTeam "Gniezno LKS Chrobry II"]
[BlackTeam "Czerwionka Leszczyny Skoczek"]
[WhiteTeamCountry "POL"]
[BlackTeamCountry "POL"]

1. e4 e5 2. Nf3 Nc6 3. Bc4 d6 4. h3 Be7 5. 0-0 Nf6 6. Re1 0-0 7. d4 exd4 8. Nxd4 Nxd4 9. Qxd4 Nd7 10. c3 Ne5 11. Bf4 Bf6 12. Bxe5 Bxe5 13. Qe3 Qh4 14. Nd2 Bf4 15. Qd3 Qh6 16. Rad1 Be6 17. Nb3 Be5 18. Nd4 Rae8 19. Nb5 c6 20. Nxd6 Bxd6 21. Qxd6 Bxc4 22. Qd4 Bxa2 23. Qxa7 Bb3 24. Rd7 b5 25. Qa3 Bc4 26. b3 Bd5 27. f3 Qd2 28. Rc1 Ra8 0-1